000 00634cam a22002178i 4500
020 _a9780077537074 (alk. paper)
020 _a0077537076 (alk. paper)
040 _cDLC
082 0 0 _a658 MCG 2014 A114 Or.
100 1 _aThompson, Arthur A.
245 1 0 _aCrafting and executing strategy :
_bthe quest for competitive advantage : concepts and readings /
250 _aNINETEENTH EDITION.
300 _apages cm
500 _aIncludes index.
650 0 _aStrategic planning.
650 0 _aBusiness planning.
700 1 _aPeteraf, Margaret A.
700 1 _aGamble, John E.
700 1 _aStrickland, A. J.
942 _cAEDBB
999 _c17453
_d17453